000 00894nam a2200253Ia 4500
003 OSt
005 20220923211156.0
006 a|||||r|||| 00| 0
007 ta
008 Pun
020 _a8187762373 (hbk)
_c350
024 _a260,298
037 _b640, 22/03/2012, H.K. Prakashan
_cTextual
040 _aARTS
_cARTS
_bPun
041 _2Pun
_aPun
082 _aO591,1N02x, 153P7.2
100 _aਹੁੰਦਲ, ਹਰਭਜਨ ਸਿੰਘ, ੳਗ.
_9159154
245 0 _aਨਾਗ਼ਿਮ ਹਿਕਮਤ
_b ਚੋਣਵੀ੍ਵ ਕਵਿਤਾ
260 _aਦਿੱਲੀ
_b ਐੱਚ ਕੇ ਪ੍ਰਕਾFਨ
_c2007
300 _a296ਪੰ
_ccm.
650 _aਪੰਜਾਬੀ ਸਾਹਿਤ
942 _hO591,1N02x, 153P7.2
_cTEXL
_2CC
999 _c296344
_d296344